| 000 | 00573nam a2200205Ia 4500 | ||
|---|---|---|---|
| 008 | 220216s9999 xx 000 0 und d | ||
| 100 | _aKoshy A.T. | ||
| 245 | 0 | _aMelt rheology and elasticity of natural rubber-ethylene-vinyl acetate copolymer blends | |
| 260 |
_bJournal of Applied Polymer Science _c1993 |
||
| 300 | _a901-912 | ||
| 650 | _aBlend | ||
| 650 | _aElasticity | ||
| 650 | _aEthylene vinyl acetate | ||
| 650 | _aNatural rubber | ||
| 700 | _aKuriakose B. | ||
| 700 | _aPremalatha C.K. | ||
| 700 | _aThomas S. | ||
| 700 | _aVarghese S. | ||
| 942 | _cBS | ||
| 999 |
_c50905 _d50905 |
||